00585nam a2200157 a 4500003000200000005001700002008004100019050002700060100003300087245008900120260009000209300002300299504004100322650003600363650002800399020250521114259.0030519s19uu xx 00 eng d aPHS ML 3920b.N89 2003 aNuyda, Joratio Jose Sanchez. aMusic as an enhancer of the well being of the elderly /cJoratio Jose Sanchez Nuyda. aLas Piñas City, Philippines :bSouthville International School and Colleges,c2003. a58 pages ;c28 cm. aIncludes bibliographical references. aMusic therapy for older people. aMusicxTherapeutic use.